000 00513nam a2200193Ia 4500
005 20250326141405.0
008 250326s9999 xx 000 0 und d
037 _aTextbook
040 _aFMSL
_beng
_cFMSL
041 _aeng
_2eng
084 _qFMSL
100 _aIndia Govt. Of........
245 0 _aEconomic Survey Sectarel development 1991-92
_cIndia Govt. Of........
260 _aGovt.
_bGovt., of delhi
_c1992
300 _a237p
490 _vpart II
942 _cTB
999 _c1290082
_d1290082